| 000 | 01029nam a22002537a 4500 | ||
|---|---|---|---|
| 005 | 20100812141419.0 | ||
| 008 | 081119t xxu||||| |||| 00| 0 ur d | ||
| 010 | _aUR-7690 | ||
| 020 |
_c600.00 _a8175155612 |
||
| 035 | _aU-6245 | ||
| 040 |
_aDPL _bUR |
||
| 082 | _a921 | ||
| 100 |
_911327 _aسی- پی- شریواستو |
||
| 245 |
_a لال بہادرشاستری: سیاست میں سچائ کی ایک زندگی / _cسی- پی- شریواستو، ترجمہ عبدالحق |
||
| 246 |
_aLal Bahadur Shastri Seyasat Main Sachai ki Ek Jindagi / _bedited by Abdul Haque |
||
| 260 |
_c2008 _aگل گوٹیا پبلی کیشن |
||
| 270 |
_a5, Ansari Road, Daryaganj _bNew Delhi _e110002 |
||
| 300 |
_a412 ص _c24 س م (Hb) |
||
| 650 |
_aتاریخ _911328 |
||
| 650 |
_aIndian history _911329 |
||
| 700 |
_911462 _aعبدالحق |
||
| 942 |
_2ddc _cUR _h921 _mش ا س |
||
| 999 |
_c41374 _d41374 |
||